Prologue to the future

में बचाया:
ग्रंथसूची विवरण
मुख्य लेखक: Morley, James William
स्वरूप: पुस्तक
भाषा:Undetermined
प्रकाशित: Tokyo Japan Society, Inc. 1974
टैग : टैग जोड़ें
कोई टैग नहीं, इस रिकॉर्ड को टैग करने वाले पहले व्यक्ति बनें!
Thư viện lưu trữ: Trung tâm Học liệu Trường Đại học Cần Thơ
LEADER 00420nam a2200157Ia 4500
001 CTU_79423
008 210402s9999 xx 000 0 und d
082 |a 330.9 
082 |b M864 
100 |a Morley, James William 
245 0 |a Prologue to the future 
245 0 |c James William Morley 
260 |a Tokyo 
260 |b Japan Society, Inc. 
260 |c 1974 
980 |a Trung tâm Học liệu Trường Đại học Cần Thơ